000 00712nam a2200229Ii 4500
003 JO-AjNU
008 230605s9999||||xx |||||||||||||| ||und||
017 _a2001/10/2188
020 _a9957-07-272-2
040 _aJO-AjNU
_bara
_erda
_cJO-AjNU
041 _aara
050 1 4 _aQC33.M87 2002
100 3 _aموسى ، عيسى سبع/ م مشارك مصطفى عبد السلام نصر,
_eauthor
_942075
245 0 0 _aتجارب علمية في الفيزياء
250 _aط1
264 3 1 _aعمان:دار الفكر، 2002
300 _a218ص
336 _atext
_btxt
_2rdacontent
337 _aunmediated
_bn
_2rdamedia
338 _avolume
_bnc
_2rdacarrier
650 4 _aالفيزياء
_942076
999 _aA19989
_c21557
_d21557